Sports Quiz

Random Sports or Decade Quiz
Score 0/15 Timer 03:00
0 Plays Today
Decades Team % Correct
1970's, 1990'sDallas Cowboys
97.7%
1960's, 1990's, 2000'sGreen Bay Packers
97.7%
1980's, 1990's, 2000'sNew England Patriots
97.7%
1970's, 1990's, 2000'sPittsburgh Steelers
97.7%
1980's, 1990'sSan Francisco 49ers
96.6%
1980's, 1990's, 2000'sNew York Giants
95.4%
1960's, 1970's, 1980's, 2000'sRaiders
94.3%
1980's, 2000'sChicago Bears
92.5%
Decades Team % Correct
1960's, 1970's, 2000'sColts
92%
1970's, 1990's, 2000'sRams
90.2%
1970's, 1980's, 1990'sWashington Redskins
89.7%
1970's, 1980's, 1990'sDenver Broncos
88.5%
1970's, 1980'sMiami Dolphins
87.4%
1960's, 1970'sMinnesota Vikings
87.4%
1980's, 2000'sPhiladelphia Eagles
83.9%
Come Together.
Have Fun.
All Virtual.
We all need to come together. Play Sporcle's virtual live trivia to have fun, connect with people, and get your trivia on. Join a live hosted trivia game for your favorite pub trivia experience done virtually. If a virtual private party is more your thing, go here for details.

You're not logged in!

Compare scores with friends on all Sporcle quizzes.
OR
Log In

Sporcle TV

Today on Sporcle TV


Watch our educational content, quiz creation guides, and fun videos on Sporcle TV.

Show Comments

Extras

Top Quizzes Today


Score Distribution

Paid Content

Your Account Isn't Verified!

In order to create a playlist on Sporcle, you need to verify the email address you used during registration. Go to your Sporcle Settings to finish the process.

Report this User

Report this user for behavior that violates our Community Guidelines.

Details: